[Event "Titled Tuesday intern op 16th Apr Late"]
[Site "Chess.com INT"]
[Date "2024.04.16"]
[Round "11"]
[White "Bressy, Theo"]
[Black "Mazurkiewicz, Michal"]
[Result "0-1"]
[WhiteElo "2195"]
[BlackElo "2145"]
[PlyCount "140"]
[EventDate "2024.04.16"]
[EventType "swiss (blitz)"]
[EventRounds "11"]
[EventCountry "USA"]
[SourceTitle "CB17_2024"]
[SourceDate "2024.04.24"]
[SourceVersion "1"]
[SourceVersionDate "2024.04.24"]
[SourceQuality "1"]

1. e4 d6 2. Nc3 Nf6 3. g3 c5 4. Bg2 Nc6 5. d3 g6 6. f4 Bg7 7. Nf3 0-0 8. 0-0 Rb8 9. h3 b5 10. g4 Nd4 11. Nxd4 cxd4 12. Ne2 Nd7 13. b3 e6 14. Bb2 e5 15. f5 Bh6 16. Bc1 Bxc1 17. Qxc1 g5 18. f6 h6 19. h4 Nxf6 20. hxg5 Nxg4 21. gxh6 Qh4 22. Rf3 Qh2+ 23. Kf1 Ne3+ 24. Rxe3 dxe3 25. Qxe3 Kh7 26. Qg3 Qxg3 27. Nxg3 Rg8 28. Kf2 Be6 29. a4 b4 30. Nf1 Rg6 31. Ne3 Rbg8 32. a5 Rf6+ 33. Ke2 Bg4+ 34. Nxg4 Rxg4 35. Bf3 Rgf4 36. Rf1 Kxh6 37. Ke3 Kg7 38. Rg1+ Kf8 39. Be2 Rh6 40. Rg3 Rh2 41. Rf3 Rxf3+ 42. Kxf3 Ke7 43. Ke3 Kd8 44. Bd1 Kc7 45. Be2 Kc6 46. a6 Kb6 47. d4 exd4+ 48. Kf3 Rxe2 49. Kxe2 Kxa6 50. Kd3 Kb6 51. Kxd4 Kc6 52. Kc4 a5 53. c3 bxc3 54. Kxc3 d5 55. e5 Kc5 56. Kd3 Kb4 57. Kd4 Kxb3 58. Kxd5 a4 59. Kd6 a3 60. Ke7 a2 61. Kxf7 a1Q 62. e6 Qf1+ 63. Ke7 Kc4 64. Kd8 Qf6+ 65. e7 Qd6+ 66. Ke8 Kd5 67. Kf7 Qf4+ 68. Kg8 Qg5+ 69. Kf8 Qf6+ 70. Ke8 Kd6 0-1

[Event "Titled Tuesday intern op 16th Apr Early"]
[Site "Chess.com INT"]
[Date "2024.04.16"]
[Round "11"]
[White "Mazurkiewicz, Michal"]
[Black "Mena, Martin"]
[Result "1-0"]
[WhiteElo "2145"]
[BlackElo "1971"]
[PlyCount "59"]
[EventDate "2024.04.16"]
[EventType "swiss (blitz)"]
[EventRounds "11"]
[EventCountry "USA"]
[SourceTitle "CB17_2024"]
[SourceDate "2024.04.24"]
[SourceVersion "1"]
[SourceVersionDate "2024.04.24"]
[SourceQuality "1"]

1. e4 c6 2. d3 d5 3. Nd2 e5 4. Ngf3 Bd6 5. d4 exd4 6. exd5 cxd5 7. Nxd4 Nf6 8. Bb5+ Bd7 9. Qe2+ Qe7 10. Bxd7+ Nbxd7 11. Nf5 Qxe2+ 12. Kxe2 Bf8 13. Nb3 g6 14. Nfd4 Bg7 15. f3 0-0 16. Bf4 Nh5 17. Bd6 Rfe8+ 18. Kf2 Rac8 19. Rhe1 Bf8 20. Bxf8 Kxf8 21. g3 Ng7 22. c3 Nc5 23. Nxc5 Rxc5 24. f4 Re4 25. Rad1 Ke7 26. Re2 f5 27. Red2 Ne6 28. Nb3 Rb5 29. Rxd5 a5 30. Rxb5 1-0

[Event "Titled Tuesday intern op 16th Apr Early"]
[Site "Chess.com INT"]
[Date "2024.04.16"]
[Round "9"]
[White "Mazurkiewicz, Michal"]
[Black "Papp, Bence"]
[Result "1-0"]
[WhiteElo "2145"]
[BlackElo "2278"]
[PlyCount "105"]
[EventDate "2024.04.16"]
[EventType "swiss (blitz)"]
[EventRounds "11"]
[EventCountry "USA"]
[SourceTitle "CB17_2024"]
[SourceDate "2024.04.24"]
[SourceVersion "1"]
[SourceVersionDate "2024.04.24"]
[SourceQuality "1"]

1. e4 c5 2. Nf3 e6 3. d3 Nc6 4. g3 d5 5. Nbd2 Nf6 6. Bg2 d4 7. 0-0 e5 8. Nc4 Qc7 9. a4 Be6 10. b3 h6 11. Bd2 Be7 12. Nh4 Qd7 13. a5 g5 14. Nf5 Bxf5 15. exf5 Qxf5 16. a6 Rd8 17. axb7 Nd5 18. Bxd5 Rxd5 19. Rxa7 0-0 20. Ra8 Rdd8 21. Qa1 Rb8 22. Qa6 Qd7 23. Re1 f6 24. Nb6 Qxb7 25. Qc4+ Kh8 26. Rxb8 Rxb8 27. Na4 Nd8 28. Nxc5 Qc6 29. Ne4 Qxc4 30. dxc4 f5 31. Nc3 dxc3 32. Bxc3 Bf6 33. Rxe5 Bxe5 34. Bxe5+ Kg8 35. Bxb8 Ne6 36. Bd6 Nd4 37. c5 Nxc2 38. c6 Nd4 39. c7 Kf7 40. c8Q Kf6 41. Qd8+ Ke6 42. Qe7+ Kd5 43. Qe5+ Kc6 44. Qxd4 Kd7 45. Be5+ Ke6 46. Qd6+ Kf7 47. Qf6+ Ke8 48. Qe6+ Kd8 49. b4 f4 50. b5 fxg3 51. b6 gxf2+ 52. Kf1 g4 53. b7 1-0

[Event "Titled Tuesday intern op 02nd Apr Late"]
[Site "Chess.com INT"]
[Date "2024.04.02"]
[Round "6"]
[White "Barria Zuniga, Daniel"]
[Black "Mazurkiewicz, Michal"]
[Result "1/2-1/2"]
[WhiteElo "2341"]
[BlackElo "2145"]
[PlyCount "101"]
[EventDate "2024.04.02"]
[EventType "swiss (blitz)"]
[EventRounds "11"]
[EventCountry "USA"]
[SourceTitle "CB15_2024"]
[SourceDate "2024.04.10"]
[SourceVersion "1"]
[SourceVersionDate "2024.04.10"]
[SourceQuality "1"]

1. d4 Nf6 2. c4 e5 3. dxe5 Ng4 4. e3 Nxe5 5. Nc3 Bb4 6. Nge2 a5 7. a3 Bc5 8. Nf4 0-0 9. Be2 c6 10. 0-0 d6 11. b3 Bf5 12. Bb2 g5 13. Nh5 Bg6 14. Na4 Ba7 15. Kh1 Qe7 16. f4 Bxh5 17. Bxh5 Ng6 18. Qg4 f5 19. Qxg5 Qxg5 20. fxg5 Bxe3 21. Rae1 Bxg5 22. Bxg6 hxg6 23. Re6 Kf7 24. Rxd6 Rd8 25. Rfd1 Rxd6 26. Rxd6 Be7 27. Rd3 Na6 28. g3 Rd8 29. Rxd8 Bxd8 30. Kg2 b5 31. cxb5 cxb5 32. Nc3 Bf6 33. Nd1 Nc5 34. Bxf6 Kxf6 35. b4 axb4 36. axb4 Nd3 37. Nc3 Nxb4 38. Nxb5 Nd5 39. Nd4 g5 40. h3 g4 41. hxg4 fxg4 42. Nc2 Ke5 43. Kf2 Ke4 44. Ne1 Nb4 45. Ke2 Nc6 46. Ng2 Nd4+ 47. Kf2 Nf5 48. Nf4 Nxg3 49. Kxg3 Ke3 50. Ng2+ Ke4 51. Kxg4 1/2-1/2

[Event "Titled Tuesday intern op 02nd Apr Late"]
[Site "Chess.com INT"]
[Date "2024.04.02"]
[Round "3"]
[White "Demina, Marya"]
[Black "Mazurkiewicz, Michal"]
[Result "0-1"]
[WhiteElo "1962"]
[BlackElo "2145"]
[PlyCount "102"]
[EventDate "2024.04.02"]
[EventType "swiss (blitz)"]
[EventRounds "11"]
[EventCountry "USA"]
[SourceTitle "CB15_2024"]
[SourceDate "2024.04.10"]
[SourceVersion "1"]
[SourceVersionDate "2024.04.10"]
[SourceQuality "1"]

1. d4 Nf6 2. Nf3 g6 3. c4 Bg7 4. Nc3 d6 5. e4 0-0 6. Be2 e5 7. 0-0 exd4 8. Nxd4 Re8 9. f3 Nc6 10. Be3 Nxd4 11. Bxd4 b6 12. Nd5 Nxd5 13. cxd5 f5 14. Bxg7 Kxg7 15. Bb5 Bd7 16. Qd4+ Kf7 17. Bd3 Qf6 18. Qc4 Rac8 19. b4 b5 20. Qb3 Qd4+ 21. Kh1 Kg7 22. Rad1 Qf6 23. Qa3 Re7 24. Qa6 c5 25. dxc6 Rxc6 26. Qxb5 Rb6 27. Qa5 Qe5 28. b5 Bxb5 29. Bxb5 Qxb5 30. Qxb5 Rxb5 31. Rxd6 fxe4 32. fxe4 Rb2 33. e5 Rxa2 34. e6 Re2 35. Rd7 R2xe6 36. Rxe7+ Rxe7 37. Ra1 a5 38. Kg1 Ra7 39. Ra4 Kf6 40. Kf2 Ke5 41. Ke3 Kd5 42. Kd3 Kc5 43. Ra1 a4 44. Kc3 a3 45. Ra2 g5 46. h3 h5 47. g4 h4 48. Kb3 Kd4 49. Rd2+ Ke3 50. Ra2 Kf3 51. Rd2 a2 0-1

[Event "Titled Tuesday intern op 02nd Apr Late"]
[Site "Chess.com INT"]
[Date "2024.04.02"]
[Round "7"]
[White "Mazurkiewicz, Michal"]
[Black "Zavgorodniy, Sergiy"]
[Result "0-1"]
[WhiteElo "2145"]
[BlackElo "2379"]
[PlyCount "70"]
[EventDate "2024.04.02"]
[EventType "swiss (blitz)"]
[EventRounds "11"]
[EventCountry "USA"]
[SourceTitle "CB15_2024"]
[SourceDate "2024.04.10"]
[SourceVersion "1"]
[SourceVersionDate "2024.04.10"]
[SourceQuality "1"]

1. e4 c6 2. d3 d5 3. Nd2 e5 4. Ngf3 Bd6 5. d4 exd4 6. exd5 Nf6 7. dxc6 Nxc6 8. Nb3 0-0 9. Be2 Re8 10. 0-0 Bg4 11. h3 Bh5 12. Nfxd4 Bxe2 13. Nxe2 Qe7 14. Ned4 Nxd4 15. Nxd4 Bc7 16. c3 Rad8 17. Qb3 Qe5 18. Nf3 Qh5 19. Qxb7 Bb6 20. Bg5 Rb8 21. Qa6 Ne4 22. Be3 Bxe3 23. fxe3 Rxb2 24. Qa4 Rbb8 25. Qxa7 Nxc3 26. Kh2 Qd5 27. Qd4 Qa5 28. Qd2 Qc7+ 29. Kh1 Ne4 30. Qc1 Ng3+ 31. Kg1 Ne2+ 32. Kf2 Nxc1 33. Raxc1 Qa5 34. Kg1 Qxa2 35. Ng5 f6 0-1

[Event "Titled Tuesday intern op 12th Mar Early"]
[Site "Chess.com INT"]
[Date "2024.03.12"]
[Round "4"]
[White "Maltsevskaya, Aleksandra"]
[Black "Mazurkiewicz, Michal"]
[Result "1-0"]
[WhiteElo "2374"]
[BlackElo "2145"]
[PlyCount "73"]
[EventDate "2024.03.12"]
[EventType "swiss (blitz)"]
[EventRounds "11"]
[EventCountry "USA"]
[SourceTitle "CB12_2024"]
[SourceDate "2023.10.01"]
[SourceVersion "1"]
[SourceVersionDate "2023.10.01"]
[SourceQuality "1"]

1. Nf3 Nf6 2. c4 g6 3. Nc3 Bg7 4. d4 0-0 5. e4 d6 6. Be2 e5 7. 0-0 exd4 8. Nxd4 Re8 9. f3 a5 10. Be3 Na6 11. Qd2 c6 12. Rad1 Nc5 13. Nc2 Qb6 14. Na4 Qa6 15. Nxc5 dxc5 16. Bxc5 Be6 17. b3 a4 18. Nd4 axb3 19. axb3 Bd7 20. Bd6 b6 21. e5 Nh5 22. c5 bxc5 23. Bxa6 cxd4 24. Bb7 Ra7 25. Qb4 Nf4 26. Kh1 Nd5 27. Qxd4 Rxb7 28. b4 Bf5 29. f4 Rd7 30. Qc5 Rc8 31. Rxd5 Be4 32. Rdd1 Rb7 33. Rc1 Rb5 34. Qxb5 cxb5 35. Rxc8+ Bf8 36. Bxf8 Bb7 37. Rb8 1-0

[Event "Titled Tuesday intern op 12th Mar Late"]
[Site "Chess.com INT"]
[Date "2024.03.12"]
[Round "8"]
[White "Piesik, Piotr"]
[Black "Mazurkiewicz, Michal"]
[Result "0-1"]
[WhiteElo "2409"]
[BlackElo "2145"]
[PlyCount "72"]
[EventDate "2024.03.12"]
[EventType "swiss (blitz)"]
[EventRounds "11"]
[EventCountry "USA"]
[SourceTitle "CB12_2024"]
[SourceDate "2023.10.01"]
[SourceVersion "1"]
[SourceVersionDate "2023.10.01"]
[SourceQuality "1"]

1. d4 Nf6 2. c4 e5 3. dxe5 Ng4 4. Nc3 Nxe5 5. b3 Bb4 6. Bd2 Qe7 7. e3 c6 8. Be2 d6 9. Nh3 a5 10. Nf4 0-0 11. 0-0 Bf5 12. a3 Bc5 13. b4 axb4 14. axb4 Rxa1 15. Qxa1 Bb6 16. Na4 Bc7 17. b5 Nbd7 18. Nc3 Nc5 19. Qa7 Bb8 20. Qa3 g5 21. Nh5 Bg6 22. Ng3 f5 23. f4 gxf4 24. exf4 Ng4 25. Bxg4 fxg4 26. f5 Bf7 27. Qb4 Qe5 28. Kh1 Qd4 29. bxc6 Qxd2 30. cxb7 Nd3 31. Qb3 Nf2+ 32. Kg1 Ba7 33. Nb5 Bc5 34. f6 Ne4+ 35. Kh1 Nxg3+ 36. hxg3 Qh6# 0-1

[Event "Titled Tuesday intern op 27th Feb Late"]
[Site "Chess.com INT"]
[Date "2024.02.27"]
[Round "11"]
[White "Toncheva, Nadya"]
[Black "Mazurkiewicz, Michal"]
[Result "1-0"]
[WhiteElo "2257"]
[BlackElo "2145"]
[PlyCount "73"]
[EventDate "2024.02.27"]
[EventType "swiss (blitz)"]
[EventRounds "11"]
[EventCountry "USA"]
[SourceTitle "CB10_2024"]
[SourceDate "2024.03.06"]
[SourceVersion "1"]
[SourceVersionDate "2024.03.06"]
[SourceQuality "1"]

1. e4 d6 2. d4 Nf6 3. Nc3 c6 4. Nf3 Bg4 5. Bc4 e6 6. a4 d5 7. Bd3 Bb4 8. exd5 cxd5 9. 0-0 0-0 10. h3 Bh5 11. Bg5 Nc6 12. Ne2 Bxf3 13. gxf3 Be7 14. c3 Nh5 15. Bxe7 Qxe7 16. Qd2 Qh4 17. Kg2 f5 18. f4 Rf6 19. Qe3 Kh8 20. Kh2 Rh6 21. Rg1 Ne7 22. Rg2 Ng6 23. Rag1 Nhxf4 24. Nxf4 Nxf4 25. Rg3 Rf8 26. Bf1 Ng6 27. Qxe6 f4 28. Rf3 Qd8 29. Qg4 Qf6 30. Bd3 Rh4 31. Qg5 Rh6 32. Qxf6 Rxf6 33. Rg5 Ne7 34. Bb5 Rf7 35. Re5 Rhf6 36. Be8 Rf8 37. Rxe7 1-0

[Event "Titled Tuesday intern op 13th Feb Early"]
[Site "Chess.com INT"]
[Date "2024.02.13"]
[Round "2"]
[White "Lagno, Kateryna"]
[Black "Mazurkiewicz, Michal"]
[Result "1-0"]
[WhiteElo "2542"]
[BlackElo "2145"]
[PlyCount "101"]
[EventDate "2024.02.13"]
[EventType "swiss (blitz)"]
[EventRounds "11"]
[EventCountry "USA"]
[SourceTitle "CB08_2024"]
[SourceDate "2024.02.21"]
[SourceVersion "1"]
[SourceVersionDate "2024.02.21"]
[SourceQuality "1"]

1. e4 d6 2. d4 Nf6 3. Nc3 c6 4. Nf3 Bg4 5. h3 Bh5 6. g4 Bg6 7. Qe2 e6 8. g5 Nh5 9. Nh4 d5 10. exd5 cxd5 11. Bg2 Nc6 12. Nxg6 hxg6 13. Nxd5 Nxd4 14. Qe4 Qxd5 15. Be3 Qxe4 16. Bxe4 Nc6 17. 0-0-0 Rd8 18. c3 Bd6 19. b4 Bf4 20. Kc2 Bxe3 21. fxe3 Ng3 22. Bxc6+ bxc6 23. Rxd8+ Kxd8 24. Rh2 Ne4 25. h4 Nxg5 26. Rd2+ Kc7 27. hxg5 Rh3 28. Rf2 Rxe3 29. Rxf7+ Kb6 30. Rxg7 Re2+ 31. Kb3 Rg2 32. Rxg6 e5 33. Rg8 e4 34. Kc4 e3 35. Kd3 e2 36. Kd2 a5 37. a4 axb4 38. cxb4 Rg4 39. g6 Kb7 40. Kxe2 Rxb4 41. Kf3 Rb1 42. Ke4 Rg1 43. Kf5 c5 44. Re8 Kb6 45. Re4 Rf1+ 46. Rf4 Rd1 47. g7 Rd8 48. Ke6 Rg8 49. Kf7 Ra8 50. g8Q Rxg8 51. Kxg8 1-0

[Event "Titled Tuesday intern op 13th Feb Late"]
[Site "Chess.com INT"]
[Date "2024.02.13"]
[Round "7"]
[White "Mazurkiewicz, Michal"]
[Black "Aaron, Deepak"]
[Result "1-0"]
[WhiteElo "2145"]
[BlackElo "2278"]
[PlyCount "59"]
[EventDate "2024.02.13"]
[EventType "swiss (blitz)"]
[EventRounds "11"]
[EventCountry "USA"]
[SourceTitle "CB08_2024"]
[SourceDate "2024.02.21"]
[SourceVersion "1"]
[SourceVersionDate "2024.02.21"]
[SourceQuality "1"]

1. e4 g6 2. d4 Bg7 3. Nc3 d6 4. f4 Nf6 5. Nf3 Na6 6. e5 Nd7 7. Bc4 Nb6 8. Bb3 c5 9. dxc5 Nxc5 10. 0-0 Nxb3 11. axb3 0-0 12. Be3 Bg4 13. h3 Bxf3 14. Qxf3 dxe5 15. Qxb7 exf4 16. Bxf4 Qd7 17. Qxd7 Nxd7 18. Nd5 e6 19. Nc7 Rac8 20. Bd6 Rfd8 21. Be7 Rxc7 22. Bxd8 Rxc2 23. Rfd1 Nc5 24. Rxa7 Bxb2 25. Rc7 Ba3 26. Bf6 Nd7 27. Rdxd7 Re2 28. Rd8+ Bf8 29. Rxf8+ Kxf8 30. Rc8# 1-0

[Event "Titled Tuesday intern op 13th Feb Early"]
[Site "Chess.com INT"]
[Date "2024.02.13"]
[Round "4"]
[White "Ovetchkin, Roman"]
[Black "Mazurkiewicz, Michal"]
[Result "1-0"]
[WhiteElo "2518"]
[BlackElo "2145"]
[PlyCount "93"]
[EventDate "2024.02.13"]
[EventType "swiss (blitz)"]
[EventRounds "11"]
[EventCountry "USA"]
[SourceTitle "CB08_2024"]
[SourceDate "2024.02.21"]
[SourceVersion "1"]
[SourceVersionDate "2024.02.21"]
[SourceQuality "1"]

1. d4 Nf6 2. c4 e5 3. dxe5 Ng4 4. e3 Nxe5 5. Nh3 d5 6. cxd5 Bxh3 7. gxh3 Bd6 8. Bg2 Nbd7 9. Nc3 0-0 10. 0-0 f5 11. Ne2 Qh4 12. Nf4 Rae8 13. Qh5 Qxh5 14. Nxh5 Nd3 15. Rd1 N7c5 16. Bf1 Nxc1 17. Raxc1 g6 18. Nf4 Bxf4 19. exf4 Ne4 20. Rxc7 Nd6 21. Bd3 Rf7 22. Rdc1 Ree7 23. Rxe7 Rxe7 24. a4 Kf8 25. a5 Ke8 26. a6 b6 27. Kf1 Kd8 28. Rc6 Kd7 29. h4 Re8 30. b4 Rd8 31. b5 Re8 32. h3 Re7 33. Rc1 Re8 34. Kg2 Re7 35. Kg3 Re8 36. h5 gxh5 37. Kh4 Ne4 38. Bxe4 Rxe4 39. Kg5 Rd4 40. Rc6 Rxd5 41. Rh6 Rxb5 42. Rxh7+ Ke6 43. Rxa7 Ra5 44. Ra8 b5 45. a7 Kf7 46. Rh8 Kg7 47. a8Q 1-0

[Event "Titled Tuesday intern op 06th Feb Early"]
[Site "Chess.com INT"]
[Date "2024.02.06"]
[Round "3"]
[White "Korchynskyi, Mykola"]
[Black "Mazurkiewicz, Michal"]
[Result "1-0"]
[WhiteElo "2263"]
[BlackElo "2145"]
[PlyCount "81"]
[EventDate "2024.02.06"]
[EventType "swiss (blitz)"]
[EventRounds "11"]
[EventCountry "USA"]
[SourceTitle "CB07_2024"]
[SourceDate "2024.02.14"]
[SourceVersion "1"]
[SourceVersionDate "2024.02.14"]
[SourceQuality "1"]

1. d4 Nf6 2. c4 e5 3. dxe5 Ng4 4. Nf3 Bc5 5. e3 Nc6 6. Nc3 0-0 7. Be2 Re8 8. 0-0 a5 9. b3 Ncxe5 10. Nxe5 Nxe5 11. Bb2 Ra6 12. Nd5 Rh6 13. Nf4 d6 14. h3 Qg5 15. Kh1 Ng6 16. Qd2 Nxf4 17. exf4 Qh4 18. Qc3 f6 19. Bd1 Re3 20. fxe3 Bxh3 21. Kg1 Qg3 22. Bf3 Bxg2 23. Bxg2 Bxe3+ 24. Qxe3 Qxe3+ 25. Rf2 Rh4 26. Kf1 Rxf4 27. Rxf4 Qxf4+ 28. Kg1 h5 29. Re1 h4 30. Bc1 Qd4+ 31. Be3 Qc3 32. Bf2 h3 33. Bd5+ Kh7 34. Bxb7 g5 35. Re3 Qc1+ 36. Kh2 g4 37. Be4+ Kh6 38. Re2 Kh5 39. Bg3 Qf1 40. Rf2 Qe1 41. Rf5+ 1-0

[Event "Titled Tuesday intern op 06th Feb Early"]
[Site "Chess.com INT"]
[Date "2024.02.06"]
[Round "11"]
[White "Mazurkiewicz, Michal"]
[Black "Hrbek, Stepan"]
[Result "1-0"]
[WhiteElo "2145"]
[BlackElo "2426"]
[PlyCount "67"]
[EventDate "2024.02.06"]
[EventType "swiss (blitz)"]
[EventRounds "11"]
[EventCountry "USA"]
[SourceTitle "CB07_2024"]
[SourceDate "2024.02.14"]
[SourceVersion "1"]
[SourceVersionDate "2024.02.14"]
[SourceQuality "1"]

1. e4 c5 2. Nf3 Nc6 3. g3 Nf6 4. d3 d5 5. Nbd2 g6 6. Bg2 Bg7 7. 0-0 0-0 8. Re1 e5 9. exd5 Nxd5 10. Nc4 f6 11. a4 b6 12. c3 Bb7 13. Qb3 Kh8 14. a5 Rb8 15. axb6 axb6 16. Qb5 Qc7 17. Bd2 Rfd8 18. h4 Nce7 19. h5 Bc6 20. Qb3 g5 21. h6 Bxh6 22. Nfxe5 fxe5 23. Nxe5 Be8 24. Ng4 Bg7 25. Bxg5 Qd6 26. Ra7 Rd7 27. Rxd7 Bxd7 28. Ne3 Nxe3 29. Rxe3 Ng6 30. Be7 Qc7 31. Qd5 Bg4 32. Bd6 Qc8 33. Bxb8 Qxb8 34. Qc6 1-0

[Event "Titled Tuesday intern op 06th Feb Early"]
[Site "Chess.com INT"]
[Date "2024.02.06"]
[Round "5"]
[White "Mazurkiewicz, Michal"]
[Black "Pulido Alvarez, Ariel"]
[Result "1-0"]
[WhiteElo "2145"]
[BlackElo "2337"]
[PlyCount "49"]
[EventDate "2024.02.06"]
[EventType "swiss (blitz)"]
[EventRounds "11"]
[EventCountry "USA"]
[SourceTitle "CB07_2024"]
[SourceDate "2024.02.14"]
[SourceVersion "1"]
[SourceVersionDate "2024.02.14"]
[SourceQuality "1"]

1. e4 c5 2. Nf3 d6 3. g3 Nf6 4. d3 g6 5. Bg2 Bg7 6. 0-0 0-0 7. Re1 Nc6 8. e5 dxe5 9. Nxe5 Nxe5 10. Rxe5 Qc7 11. Bf4 Qb6 12. Nc3 Qxb2 13. Rxc5 Nd7 14. Rc7 Bxc3 15. Rb1 Qxa2 16. Rxc3 Qa5 17. Rcb3 a6 18. Bxb7 Bxb7 19. Rxb7 Nf6 20. Rxe7 Nd5 21. Bd2 Qc5 22. Rd7 a5 23. Rbb7 a4 24. Qf3 Qxc2 25. Rxf7 1-0